000 01671cam a22004574i 4500
003 PE-LiUPU
005 20250731173506.0
008 150616s r 000 0 d
020 _a080280618X
035 _a(Sirsi) i9780802806185
040 _aPE-LiUPU
_bspa
_cPE-LiUPU
_erda
049 _aPRUA
082 0 4 _a291.0973
_bG29
_221
100 1 _aGaustad, Edwin S.,
_eautor.
245 1 2 _aA Documentary History of Religion in America; Since 1865.
264 1 _aGrand Rapids, Michigan :
_bW.B. Eerdmans Publishing Company,
_c1993.
300 _a651 páginas :
_bIlustraciones ;
_c23 centímetros
336 _atext
_2rdacontent
337 _aunmediated
_2rdamedia
338 _avolume
_2rdacarrier
505 0 _aReconstructions and reaffirmations -- Religion and society engaged -- Worlds within and beyond -- Religion and the life of the mind -- Consensus and conflict -- E Puribus..Unum? religion.
526 _aSEG42
526 _aSEG41
526 _aSEG40
526 _aSEG39
526 _aP94
526 _aP87
526 _aP86
526 _aP85
526 _aP77
526 _aP76
526 _aP35
650 0 4 _aESTADOS UNIDOS - RELIGION - FUENTES.
910 _ajck
_bjvq
_cjck
942 _2ddc
_cBOOK
949 _a291.0973 G29
_wDEWEY
_c1
_i40492
_lCCODEBUL1
_mBUL
_r0
_sY
_tBOOK
_u2015-6-16
_xTEOLOGIA
_zUNKNOWN
_0COMPRA
_o.STAFF. Colección General
994 _aC0
_bPEPRU
596 _a1
999 _a291.0973 G29
_wDEWEY
_c58284
_i40492
_f2021-11-11
_g4
_lCCODEBUL1
_mBUL
_r0
_sY
_tBOOK
_u2015-6-16
_xTEOLOGIA
_zUNKNOWN
_0COMPRA
_o.STAFF. Colección General
_d58284
980 _81
_gALBERTO SANCHEZ Responsable de Automatización